| 000 | 00770nam a2200241 a 4500 | ||
|---|---|---|---|
| 001 | 77622 | ||
| 003 | BD-RjUL | ||
| 005 | 20211209083013.0 | ||
| 008 | 201209s1957 enkh 001 d eng d | ||
| 035 | _a(BD-RjUL)77848 | ||
| 040 |
_aUkOxU _beng _cUkOxU _dBD-RjUL |
||
| 041 | _aeng | ||
| 082 |
_a822.33 _bSHS 1957 |
||
| 100 | 1 |
_aShakespeare, William, _d1564-1616. _959052 |
|
| 245 | 1 | 4 |
_aThe second part of the history of Henry VI / _cWilliam Shakespeare ; edited by Andrew S. Cairncross |
| 260 |
_aLondon : _bMethuen and co, _c1957. |
||
| 300 |
_aliv, 196 p ; _c19 cm. |
||
| 490 | 1 | _aThe Arden edition of the works of William Shakespeare ; | |
| 650 |
_aEnglish drama _959053 |
||
| 700 |
_aCairncross, Andrew S. _9242488 |
||
| 942 |
_2ddc _cBK |
||
| 999 |
_c77622 _d77622 |
||